000 01169nas a2200397 4500
001 BR9207371
003 BR-BrBNA
005 20231205095022.0
007 ta
008 230509b bl.|||p| |||| 00| 00por d
040 _aBR-BrBNA
_bpor
_cBiblioteca Nacional de Agricultura
041 _a(Pt)
072 _aJ10
100 1 _aCampelo Junior, J.H.
100 1 _aPriante Filho, N.
100 1 _aAlbuquerque, M.C. de F. e
100 1 _aMontezuma, A.M.N.
100 1 _aBatista, J.M.
100 1 _aMendonca, M.M. del D.
100 1 _aCampanhola, C.
100 1 _aRinaldi, C.
100 1 _aSilva, P.M. da
100 1 _aMendonca, E.A.F. de
100 1 _aCaneppele, C.
100 1 _aSilveira, G.C.
100 1 _aDomingues, A.M.
245 1 _aAvaliacao de silos-secadores para secagem de arroz a energia solar
650 _aArmazenamento
650 _aSilo
650 _aArroz
650 _aSecagem
650 _aEnergia Solar
773 0 _tUniversidade. Revista da Universidade Federal do Mato Grosso (Brazil)
_xISSN 0101-8671
_g(Jan-Apr 1983), v. 3(1) p. 89-109
_wBR9207371
909 _a202311
_bLúcia
_c55
_dLúcia Elande
942 _2AGRIS
_n0
_cANA
999 _c148281
_d148281